Khadi Ke Kavach Kundal/ (Record no. 52096)

000 -LEADER
fixed length control field 00375nam a22001577a 4500
020 ## - INTERNATIONAL STANDARD BOOK NUMBER
ISBN 978-93-80961-10-1
082 ## - DEWEY DECIMAL CLASSIFICATION NUMBER
Classification number H301
Item number NEE/K
100 ## - MAIN ENTRY--AUTHOR NAME
Personal name Neeraj Vyas
245 ## - TITLE STATEMENT
Title Khadi Ke Kavach Kundal/
Statement of responsibility, etc by Neeraj Vyas
260 ## - PUBLICATION, DISTRIBUTION, ETC. (IMPRINT)
Place of publication Ilahabad:
Name of publisher Sakshar,
Year of publication 2012.
300 ## - PHYSICAL DESCRIPTION
Number of Pages 128p.
650 ## - SUBJECT ADDED ENTRY--TOPICAL TERM
Topical Term Stories Hindi
650 ## - SUBJECT ADDED ENTRY--TOPICAL TERM
Topical Term Literature Hindi
650 ## - SUBJECT ADDED ENTRY--TOPICAL TERM
Topical Term Literature
942 ## - ADDED ENTRY ELEMENTS (KOHA)
Koha item type Book
Holdings
Withdrawn status Lost status Damaged status Not for loan Permanent Location Current Location Shelving location Date acquired Cost, normal purchase price Full call number Accession Number Price effective from Koha item type
        Sree Sankaracharya University of Sanskrit Sree Sankaracharya University of Sanskrit Stacks 20.03.2015 160.00 H301 NEE/K 074450 20.03.2015 Book